MANUAL OF RHEUMATOLOGY / (Record no. 794820)

MARC details
000 -LEADER
fixed length control field 00505pam a2200193 a 4500
020 ## - INTERNATIONAL STANDARD BOOK NUMBER
Terms of availability 450.00 (PB)
041 ## - LANGUAGE CODE
Language code of text/sound track or separate title eng
Language code of original NULL
082 ## - DEWEY DECIMAL CLASSIFICATION NUMBER
Classification number 616
Item number PIS
100 ## - MAIN ENTRY--PERSONAL NAME
Personal name PISPATI, P .
245 ## - TITLE STATEMENT
Title MANUAL OF RHEUMATOLOGY /
Statement of responsibility, etc. NULL.
Medium Textual Documents
250 ## - EDITION STATEMENT
Edition statement 2 /
Remainder of edition statement .
260 ## - PUBLICATION, DISTRIBUTION, ETC.
Place of publication, distribution, etc. NULL :
Name of publisher, distributor, etc. INDIAN RHEUMATOLOGY ASSO. ,
Date of publication, distribution, etc. 2002.
300 ## - PHYSICAL DESCRIPTION
Extent 416 :
Other physical details vi ;
Dimensions A4 .
365 ## - TRADE PRICE
Price type code 450.00
Price note 4
650 ## - SUBJECT ADDED ENTRY--TOPICAL TERM
Topical term or geographic name entry element GEN.MEDICINE
907 ## - LOCAL DATA ELEMENT G, LDG (RLIN)
a 1369
-- 1370
-- 1371
-- 1372
-- 2653
930 ## - EQUIVALENCE OR CROSS-REFERENCE-UNIFORM TITLE HEADING [LOCAL, CANADA]
Uniform title 284
Holdings
Withdrawn status Lost status Damaged status Not for loan Home library Current library Date acquired Source of acquisition Cost, normal purchase price Total Checkouts Full call number Barcode Date last seen Copy number Price effective from Koha item type Date due Date last checked out
        Medical College & Hospital, Sangli Medical College & Hospital, Sangli 28/11/2011 450.00   616 PIS MCS-2653 26/07/2023 6 26/07/2023 Book    
        Medical College & Hospital, Sangli Medical College & Hospital, Sangli 28/11/2011 450.00 1 616 PIS MCS-1372 06/10/2023 5 26/07/2023 Book 01/10/2043 06/10/2023
        Medical College & Hospital, Sangli Medical College & Hospital, Sangli 28/11/2011 450.00   616 PIS MCS-1371 26/07/2023 4 26/07/2023 Book    
        Medical College & Hospital, Sangli Medical College & Hospital, Sangli 28/11/2011 450.00   616 PIS MCS-1370 26/07/2023 3 26/07/2023 Book    
        Medical College & Hospital, Sangli Medical College & Hospital, Sangli 28/11/2011 450.00 1 616 PIS MCS-1369 05/10/2023 2 26/07/2023 Book 30/09/2043 05/10/2023
        Medical College & Hospital, Sangli Medical College & Hospital, Sangli 28/11/2011 450.00 1 616 PIS MCS-1368 06/10/2023 1 26/07/2023 Book 01/10/2043 06/10/2023